Recursos per a la gestió i la programació cultural : Centre Cívic de Malgrat de Mar Centre Cívic de Malgrat de Mar
Publicado:
Barcelona :
Diputació de Barcelona. Centre d'Estudis i Recursos Culturals : Ajuntament de Malgrat de Mar ,
2013
Descripción Física:
47 p. ; 30 cm.
Materias:
Equipaments culturals -- Malgrat de Mar
Idioma:
Catalán
MARC
| LEADER | 00000nam a22000007a 4500 | ||
|---|---|---|---|
| 001 | 25102 | ||
| 008 | 211229b spa||||| |||| 00| 0 cat d | ||
| 080 | |a FU-67-121 | ||
| 245 | |a Recursos per a la gestió i la programació cultural : |b Centre Cívic de Malgrat de Mar | ||
| 260 | |a Barcelona : |b Diputació de Barcelona. Centre d'Estudis i Recursos Culturals : |b Ajuntament de Malgrat de Mar ; |c 2013 | ||
| 300 | |a 47 p. ; |c 30 cm. | ||
| 650 | 0 | |9 52444 |a Equipaments culturals |x Malgrat de Mar | |
| 710 | 1 | |a Malgrat de Mar (Catalunya). |x Ajuntament |9 52445 | |
| 710 | 1 | |a Barcelona (Catalunya : Província). |b Centre d'Estudis i Recursos Culturals |9 52487 | |
| 942 | |2 udc |c ARXIU |n 1 | ||
| 952 | |0 0 |1 0 |4 0 |6 FU67121 |7 1 |9 60927 |a Arxiu |b Arxiu |d 2021-12-29 |l 0 |o FU-67-121 |p 25102 |r 2021-12-29 00:00:00 |w 2021-12-29 |y ARXIU | ||
| 999 | |c 81052 |d 81052 | ||